000 00467nam a2200169Ia 4500
999 _c27885
_d27885
003 OSt
005 20201214124255.0
008 190216s9999||||xx |||||||||||||| ||und||
040 _coclc
082 _a894.812
_bGOV/M
100 _aGovindan, M
_97456
245 0 _aMararum Malayala Sahityavum /
_cM Govindan
260 _bMarar Sahitya Prakasam,
300 _a123p
650 _aSahithyam
942 _cBK
_2ddc
_h894.812
_iGOV/M
_k894.812
_mGOV/M